[Event "EIWCC 2017"]
[Site "Riga"]
[Date "2017.04.15"]
[Round "5"]
[White "Malakhova, Elizaveta"]
[Black "Galliamova, Alisa"]
[Result "0-1"]
[WhiteElo "2324"]
[BlackElo "2444"]
[Annotator "TA"]
[PlyCount "80"]
[EventDate "2017.??.??"]
[EventType "swiss"]
[EventCountry "LAT"]
[SourceTitle "playchess.com"]
[Source "ChessBase"]
[SourceQuality "1"]

{[%evp 11,80,5,18,-15,0,-4,0,-10,-11,-12,-11,-16,-17,-3,-12,-25,-14,-18,-18,-27,30,31,39,49,68,54,64,0,0,-16,-39,-174,-151,-120,72,35,27,75,66,-175,-201,-193,-192,-221,-206,-194,-182,-189,-146,-129,-152,-381,-370,-324,-317,-297,-274,-378,-379,-709,-749,-869,-848,-971,-810,-774,-660,-628,-622,-725,-722]} 1. b3 b6 2. Bb2 Bb7 3. Nf3 Nf6 4. e3 g6 5. c4 Bg7 6. d4 {A05: Réti Opening: 1 Nf3 Nf6} O-O {LiveBook: 8 Games} 7. Nbd2 (7. Nc3 e6 8. Qc2 d6 9. Rd1 Nbd7 10. Be2 a6 11. O-O Qe7 12. e4 e5 13. Nd5 Nxd5 14. cxd5 exd4 15. Nxd4 {0-1 (49) Nakamura,H (2791)-Vachier Lagrave,M (2819) chess.com INT 2016}) 7... e6 8. Qc2 {The position is equal.} c5 9. Be2 $146 (9. Bd3 Nc6 10. a3 cxd4 11. exd4 Rc8 12. O-O {0-1 (39) Bereczki,J (2229)-Nemeth,Z (2330) Hungary 2011}) 9... cxd4 10. Bxd4 d6 11. O-O Nbd7 12. Rfd1 Qe7 13. Rac1 Rac8 14. Qb1 e5 15. Bb2 e4 ({Black should try} 15... a5) 16. Nd4 $1 $11 a6 17. b4 h5 18. h3 Nh7 19. N2b3 (19. N4b3 $14) 19... Ng5 20. Ba3 Ne5 21. c5 ({White should play} 21. Nd2 $1 $15) 21... Nef3+ $1 $19 (21... dxc5 22. bxc5 Nc6 23. Nxc6 Bxc6 24. Rd6 $16 (24. Bxa6 Ra8 $16)) 22. Kf1 {[#] Black must now prevent c6.} (22. gxf3 $2 exf3 23. Bxf3 (23. Bf1 $2 Qd7 24. Nd2 Bxd4 $19) 23... Nxf3+ 24. Nxf3 Bxf3 $19) 22... Nh2+ $2 {[#]} (22... Nxd4 $6 23. Nxd4 Ne6 24. Nxe6 (24. cxb6 Nxd4 25. exd4 e3 $15) 24... fxe6 25. Kg1 $11 (25. Rxd6 $2 Qh4 26. Ke1 Rxf2 $19)) (22... Qe5 $1 $17 {[%cal Re5h2] ...Qh2 is the strong threat.} 23. c6 Nxd4 24. Nxd4 Qh2) 23. Ke1 $1 $16 (23. Kg1 Nhf3+ 24. Kh1 (24. gxf3 exf3 25. Kf1 fxe2+ 26. Kxe2 Be4 27. cxd6 Qd7 $19) 24... Nxh3 25. gxh3 Qh4 $17) 23... Ngf3+ 24. gxf3 exf3 25. Bd3 $2 (25. Bc4 $14 {stays ahead.} Qg5 26. Kd2) 25... Qg5 {Strongly threatening ...dxc5.} 26. Kd2 {aiming for Rg1.} Qg2 27. Rf1 Nxf1+ 28. Rxf1 dxc5 ({Worse is} 28... Qxh3 29. cxb6 (29. cxd6 Rfd8 $15) 29... Qh4 30. b5 axb5 31. Bxd6 $16 (31. Nxb5 Rc6 32. Na5 Rxb6 33. Nxb7 Rxb7 $17)) 29. bxc5 bxc5 30. Nxc5 Bd5 31. Bxa6 $2 (31. Nxa6 $17 {was worth a try.} Bxd4 32. exd4) 31... Ra8 $19 32. Qd3 Rfd8 (32... Qxh3 33. Bb2 $17) 33. Bb2 ({Reject} 33. h4 Bxd4 34. exd4 Re8 $19) 33... Qxh3 34. Rg1 Qh2 ({Weaker is} 34... Bxa2 35. Bc3 $17) 35. Qf1 $2 (35. Rf1 Qc7 36. Rc1) 35... Qd6 {Black is clearly winning.} 36. Qb5 Rdb8 37. Bb7 Bxb7 38. Nxb7 Qa6 39. Qxa6 Rxa6 40. Nxf3 {Now Bxg7 and White clings on.} Rxa2 0-1

[Event "EIWCC 2017"]
[Site "Riga"]
[Date "2017.04.15"]
[Round "5"]
[White "Mamedjarova, Zeinab"]
[Black "Goryachkina, Aleksandra"]
[Result "0-1"]
[WhiteElo "2322"]
[BlackElo "2452"]
[Annotator "TA"]
[PlyCount "146"]
[EventDate "2017.??.??"]
[EventType "swiss"]
[EventCountry "LAT"]
[SourceTitle "playchess.com"]
[Source "ChessBase"]
[SourceQuality "1"]

{[%evp 11,146,18,24,26,29,16,13,-21,-25,-36,-41,-40,-39,-28,-25,-34,-13,-18,-13,-37,-36,-52,-41,-74,-82,-69,-80,-66,-38,-83,-83,-73,-78,-103,-108,-117,-96,-118,-97,-104,-109,-116,-91,-136,-147,-156,-131,-133,-121,-116,-98,-129,-115,-119,-109,-154,-70,-104,-102,-102,-103,-104,-100,-110,-100,-77,-68,-100,-83,-98,-19,-21,-29,-82,-47,-54,-43,-125,-133,-162,-158,-156,-75,-83,0,-102,-126,-112,-108,-147,-130,-191,-189,-193,-183,-204,-192,-216,-164,-301,-309,-270,-178,-461,-404,-543,-372,-729,-729,-729,-709,-667,-642,-733,-826,-776,-772,-1021,-903,-1748,-1592,-12802,-7626,-29984,-29984,-29985,-29986,-29986,-29987,-29989,-29990,-29990,-29989,-29989,-29990,-29997,-29998]} 1. d4 d5 2. e3 Nf6 3. Nd2 g6 4. b3 Bg7 5. Bb2 O-O 6. Ngf3 a5 {LiveBook: 5 Games. D04: Colle System} 7. a3 (7. Bd3 a4 8. c4 c6 9. b4 Nbd7 10. Rc1 e5 11. Nxe5 Nxe5 12. dxe5 Ng4 13. Nf3 dxc4 14. Bxc4 {½-½ (33) Ernst,S (2532)-Nemcova,K (2333) Paramaribo 2015}) 7... Bg4 8. h3 Bxf3 {The position is equal.} 9. Qxf3 c5 $146 (9... Nbd7 10. g4 c6 11. Qg3 c5 12. Bg2 cxd4 13. exd4 a4 14. b4 {0-1 (32) Stosic,S (2153)-Tosic,M (2395) Belgrade 2011}) 10. Bd3 cxd4 11. exd4 Nc6 12. O-O Ne8 13. Qe3 Qb6 {[%cal Rg7d4]} 14. Nf3 a4 15. b4 Nd6 16. Rad1 e6 17. Qe2 Rac8 (17... Bxd4 $2 18. Nxd4 Nxd4 19. Qe3 $18) 18. c3 Na7 19. Ne5 Rfd8 20. Ra1 Nab5 21. Rfc1 Rc7 22. h4 Rdc8 {[%cal Rb5c3]} 23. Qd2 f6 24. Ng4 Nc4 25. Bxc4 Rxc4 26. Ne3 R4c7 27. Nd1 Nd6 28. Qe1 Kf7 29. g3 Qb5 30. Rc2 Qd7 31. Re2 Nb5 32. Qd2 Kg8 33. Kg2 Rd8 (33... e5 $17 34. dxe5 fxe5) 34. f3 Rdc8 35. Qe3 Kf7 36. Qd2 Nd6 37. Qe1 Bh6 38. Nf2 Nc4 39. Bc1 Bg7 (39... Bxc1 40. Qxc1 Kg8 41. Qf4 $11) 40. Nd3 b6 (40... e5 $17) 41. Bf4 $11 Ra7 42. Qc1 (42. g4 $11) 42... Raa8 43. Raa2 Re8 44. Re1 (44. Nb2 $15) 44... e5 $17 45. dxe5 fxe5 46. Bh6 {[#]} Qf5 ({Black should try} 46... e4 $1 {[%cal Re4d3]} 47. fxe4 dxe4 48. Qf4+ (48. Nb2 e3 49. Bxg7 Qd5+ 50. Kh3 Nd2 $19) 48... Kg8 49. Bxg7 Kxg7 50. Rxe4 Qb7) 47. Nf2 Rf8 ({Not} 47... e4 48. fxe4 dxe4 49. Nxe4 $14) (47... Bxh6 $17 48. Qxh6 Kg8) 48. Bxg7 (48. Ng4 $1 $11 {remains equal.}) 48... Kxg7 49. Qd1 Rad8 50. Qd3 b5 51. Qxf5 (51. Rae2 $17) 51... gxf5 $19 ({Don't do} 51... Rxf5 52. Nd3 $15) 52. Nd3 Rfe8 53. Nb2 h5 54. Kf2 ({Much weaker is} 54. Nxc4 dxc4 55. Rae2 Kf6 $17) 54... Kf6 55. Nxc4 (55. Rd1 $142) 55... dxc4 {[%mdl 4096] Endgame KRR-KRR} 56. Rae2 Rd3 57. Rc2 $2 (57. Re3) 57... e4 58. fxe4 fxe4 59. Re3 $2 (59. Kg2 Rg8 60. Rxe4 Rgxg3+ 61. Kf2) 59... Rxe3 60. Kxe3 {[#] KR-KR} Ke5 $1 61. Rd2 Rf8 62. Rd7 Rf3+ 63. Ke2 Rxc3 64. Rh7 Rxg3 65. Rxh5+ Kd4 66. Rxb5 Rxa3 67. h5 Ra2+ {Black mates.} 68. Kd1 c3 {[%cal Bc4c3,Bc3c2][%mdl 32]} 69. h6 Rh2 70. Rb6 c2+ 71. Kc1 Kc3 {[%cal Rh2h1]} 72. Rc6+ Kb3 73. b5 e3 0-1

[Event "EIWCC 2017"]
[Site "Riga"]
[Date "2017.04.15"]
[Round "5"]
[White "Cosma, Elena-Luminita"]
[Black "Movileanu, Daniela"]
[Result "1/2-1/2"]
[WhiteElo "2316"]
[BlackElo "2213"]
[Annotator "NA"]
[PlyCount "115"]
[EventDate "2017.??.??"]
[EventType "swiss"]
[EventCountry "LAT"]
[SourceTitle "playchess.com"]
[Source "ChessBase"]
[SourceQuality "1"]
[TimeControl "40/5400+30:1800+30"]

1. d4 {[%emt 0:00:00]} Nf6 {[%emt 0:00:09]} 2. Nf3 {[%emt 0:00:00]} g6 {[%emt 0:00:11]} 3. g3 {[%emt 0:00:00]} Bg7 {[%emt 0:00:20]} 4. Bg2 {[%emt 0:00:00]} d5 {[%emt 0:00:56]} 5. O-O {[%emt 0:00:00]} O-O {[%emt 0:00:11]} 6. c4 {[%emt 0:00:10]} c6 {[%emt 0:04:35]} 7. b3 {[%emt 0:00:06]} Bf5 {[%emt 0:02:18]} 8. Nc3 {[%emt 0:00:10]} Ne4 {[%emt 0:01:50]} 9. Bb2 {[%emt 0:00:16]} a5 {[%emt 0:03:23]} 10. Rc1 {[%emt 0:13:03]} Nxc3 {[%emt 0:09:21]} 11. Bxc3 {[%emt 0:00:04]} Be4 {[%emt 0:00:15]} 12. e3 {[%emt 0:06:48]} Nd7 {[%emt 0:04:31] LiveBook: 4 Games} 13. Qe2 {[%emt 0:01:05]} Nf6 {[%emt 0:04:02]} 14. Rfd1 {[%emt 0:01:57]} Qd6 {[%emt 0:18:04]} 15. Bf1 {[%emt 0:12:02]} a4 {[%emt 0:09:14]} 16. Nd2 {[%emt 0:07:53]} Bf5 {[%emt 0:00:46]} 17. c5 $11 {[%emt 0:06:10]} Qc7 {[%emt 0:03:03]} 18. b4 {[%emt 0:00:31]} Nd7 {[%emt 0:02:26]} 19. g4 {[%emt 0:09:38]} Be6 {[%emt 0:00:33]} 20. f4 {[%emt 0:00:05]} Nf6 {[%emt 0:03:53]} 21. h3 {[%emt 0:04:46]} h5 {[%emt 0:06:21]} 22. g5 {[%emt 0:02:44]} Nd7 {[%emt 0:00:14]} 23. Nf3 {[%emt 0:02:41]} Bf5 {[%emt 0:05:33]} 24. Nh4 {[%emt 0:00:07]} Be4 {[%emt 0:00:09]} 25. Bg2 {[%emt 0:00:23]} Nb8 {[%emt 0:02:24]} 26. Bxe4 {[%emt 0:13:51]} dxe4 {[%emt 0:00:06]} 27. Qg2 {[%emt 0:00:02]} Qd7 {[%emt 0:00:14]} 28. Qxe4 {[%emt 0:00:10]} Qxh3 {[%emt 0:00:28]} 29. Be1 {[%emt 0:00:10]} Na6 {[%emt 0:02:52]} 30. Qf3 {[%emt 0:00:12]} Qe6 {[%emt 0:03:37]} 31. Rc2 {[%emt 0:02:12]} Nc7 {[%emt 0:05:08]} 32. Kh1 {[%emt 0:04:41]} Rad8 {[%emt 0:05:46]} 33. f5 {[%emt 0:01:40]} Qd7 {[%emt 0:01:34]} 34. Rg2 {[%emt 0:04:04]} gxf5 {[%emt 0:02:10]} 35. Nxf5 {[%emt 0:01:00]} Qe6 {[%emt 0:00:29]} 36. e4 {[%emt 0:01:46]} Rfe8 {[%emt 0:00:29]} 37. Bc3 {[%emt 0:01:48]} Qg6 {[%emt 0:00:40]} 38. Nh6+ {[%emt 0:03:14]} Kh7 {[%emt 0:00:20]} 39. Nf5 {[%emt 0:01:36]} Nb5 {[%emt 0:00:26]} 40. Ba1 {[%emt 0:00:00]} e6 {[%emt 0:00:47]} 41. Nxg7 {[%emt 0:01:21]} Kxg7 {[%emt 0:01:25]} 42. d5+ {[%emt 0:01:57]} e5 {[%emt 0:01:02]} 43. d6 {[%emt 0:00:27]} Re6 {[%emt 0:03:04]} 44. Qf5 {[%emt 0:07:57]} Kf8 {[%emt 0:01:15]} 45. Qxg6 {[%emt 0:06:02]} fxg6 {[%emt 0:01:17]} 46. Rf2+ {[%emt 0:00:25]} Kg7 {[%emt 0:02:30]} 47. Rdf1 {[%emt 0:00:06]} Rd7 {[%emt 0:00:05]} 48. Rf8 {[%emt 0:01:09]} a3 {[%emt 0:04:37]} 49. Rb8 {[%emt 0:03:21]} Nd4 {[%emt 0:00:59]} 50. Rff8 {[%emt 0:00:37]} Ne2 {[%emt 0:00:53]} 51. Kh2 {[%emt 0:01:10]} Nd4 {[%emt 0:00:41]} 52. Kg2 {[%emt 0:01:11]} Nc2 {[%emt 0:01:00]} 53. Bc3 {[%emt 0:00:08]} Ne3+ {[%emt 0:00:42]} 54. Kf3 {[%emt 0:00:36]} Nd1 {[%emt 0:00:26]} 55. Ba1 {[%emt 0:02:54]} Nb2 {[%emt 0:00:43]} 56. Ke2 {[%emt 0:00:05]} Nc4 {[%emt 0:01:40]} 57. Rg8+ {[%emt 0:00:11]} Kh7 {[%emt 0:00:07]} 58. Rgd8 {[%emt 0:01:04]} 1/2-1/2

[Event "EIWCC 2017"]
[Site "Riga"]
[Date "2017.04.15"]
[Round "5"]
[White "Khomeriki, Nino"]
[Black "Gueci, Tea"]
[Result "1-0"]
[WhiteElo "2308"]
[BlackElo "2132"]
[Annotator "NA"]
[PlyCount "101"]
[EventDate "2017.??.??"]
[EventType "swiss"]
[EventCountry "LAT"]
[SourceTitle "playchess.com"]
[Source "ChessBase"]
[SourceQuality "1"]
[TimeControl "40/5400+30:1800+30"]

1. Nf3 {[%emt 0:00:46]} d5 {[%emt 0:00:05]} 2. g3 {[%emt 0:04:11]} Nf6 {[%emt 0:00:08]} 3. Bg2 {[%emt 0:00:07]} c6 {[%emt 0:00:06]} 4. O-O {[%emt 0:00:19]} Bg4 {[%emt 0:00:07]} 5. d3 {[%emt 0:00:30]} Nbd7 {[%emt 0:00:08]} 6. Nbd2 {[%emt 0:00:07]} e5 {[%emt 0:00:08]} 7. h3 {[%emt 0:00:05]} Bh5 {[%emt 0:00:04]} 8. e4 {[%emt 0:00:05]} dxe4 {[%emt 0:00:41]} 9. dxe4 {[%emt 0:01:15]} Bc5 {[%emt 0:00:20]} 10. Qe2 {[%emt 0:01:04]} O-O {[%emt 0:00:34]} 11. a4 {[%emt 0:00:27]} a5 {[%emt 0:02:07]} 12. Rd1 {[%emt 0:08:34]} Qc7 {[%emt 0:05:36]} 13. Nc4 {[%emt 0:11:02]} b6 {[%emt 0:04:45]} 14. Bd2 {[%emt 0:01:34]} Rfe8 {[%emt 0:13:29]} 15. Bc3 {[%emt 0:01:14]} Bg6 {[%emt 0:06:04]} 16. Nh4 $14 {[%emt 0:08:15]} Bb4 {[%emt 0:05:49]} 17. Bxb4 {[%emt 0:13:19]} axb4 {[%emt 0:00:02]} 18. Qd2 {[%emt 0:01:14]} c5 {[%emt 0:17:01]} 19. f3 {[%emt 0:09:07]} Red8 {[%emt 0:08:17]} 20. Qd6 {[%emt 0:03:19]} Qxd6 {[%emt 0:01:07]} 21. Nxd6 {[%emt 0:00:07]} Nh5 {[%emt 0:05:48]} 22. Nb7 {[%emt 0:02:49]} Rdb8 {[%emt 0:02:48]} 23. Rxd7 {[%emt 0:00:59]} Nf6 {[%emt 0:00:55]} 24. Rc7 {[%emt 0:17:33]} Ne8 {[%emt 0:04:49]} 25. Re7 {[%emt 0:00:33]} Ra7 {[%emt 0:05:42]} 26. Nxg6 {[%emt 0:06:30]} hxg6 {[%emt 0:00:28]} 27. Rd1 {[%emt 0:00:45]} Raxb7 {[%emt 0:00:41]} 28. Rxe5 {[%emt 0:00:06]} Kf8 {[%emt 0:01:07]} 29. Bf1 {[%emt 0:00:56]} Nc7 {[%emt 0:01:30]} 30. Rd7 {[%emt 0:04:08]} Ne6 {[%emt 0:00:17]} 31. Red5 {[%emt 0:01:39]} Nd4 {[%emt 0:05:02]} 32. Kf2 {[%emt 0:01:04]} Nxc2 {[%emt 0:01:21]} 33. Ba6 {[%emt 0:00:21]} Rxd7 {[%emt 0:00:55]} 34. Rxd7 {[%emt 0:00:02]} Nd4 {[%emt 0:00:50]} 35. Bc4 {[%emt 0:00:14]} Ne6 {[%emt 0:01:17]} 36. Ke3 {[%emt 0:00:13]} Nd8 {[%emt 0:01:14]} 37. f4 {[%emt 0:01:48]} Ke8 {[%emt 0:04:03]} 38. Rc7 {[%emt 0:01:23]} Kf8 {[%emt 0:01:11]} 39. Bd5 {[%emt 0:01:03]} Ne6 {[%emt 0:01:23]} 40. Rd7 {[%emt 0:00:00]} Rc8 {[%emt 0:01:54]} 41. b3 {[%emt 0:04:12]} Rb8 {[%emt 0:09:35]} 42. Kd3 {[%emt 0:02:33]} b5 {[%emt 0:03:20]} 43. axb5 {[%emt 0:01:25]} Rxb5 {[%emt 0:01:07]} 44. f5 {[%emt 0:04:59]} gxf5 {[%emt 0:03:58]} 45. exf5 {[%emt 0:00:05]} Nd4 {[%emt 0:00:54]} 46. Rxf7+ {[%emt 0:00:15]} Kg8 {[%emt 0:01:59]} 47. g4 {[%emt 0:00:28]} Kh8 {[%emt 0:01:06]} 48. Rf8+ {[%emt 0:01:55]} Kh7 {[%emt 0:00:08]} 49. g5 {[%emt 0:00:12]} Rb6 {[%emt 0:02:25]} 50. Bg8+ {[%emt 0:09:59]} Kh8 {[%emt 0:00:15]} 51. g6 {[%emt 0:00:28]} 1-0

[Event "EIWCC 2017"]
[Site "Riga"]
[Date "2017.04.15"]
[Round "5"]
[White "Fuchs, Judith"]
[Black "Vega Gutierrez, Sabrina"]
[Result "0-1"]
[WhiteElo "2274"]
[BlackElo "2413"]
[Annotator "NA"]
[PlyCount "104"]
[EventDate "2017.??.??"]
[EventType "swiss"]
[EventCountry "LAT"]
[SourceTitle "playchess.com"]
[Source "ChessBase"]
[SourceQuality "1"]
[TimeControl "40/5400+30:1800+30"]

1. e4 {[%emt 0:00:00]} c5 {[%emt 0:00:12]} 2. Nf3 {[%emt 0:00:00]} Nc6 {[%emt 0:00:08]} 3. d4 {[%emt 0:00:00]} cxd4 {[%emt 0:00:08]} 4. Nxd4 {[%emt 0:00:00]} Nf6 {[%emt 0:00:07]} 5. Nc3 {[%emt 0:00:05]} e5 {[%emt 0:00:08]} 6. Ndb5 {[%emt 0:00:11]} d6 {[%emt 0:00:12]} 7. Bg5 {[%emt 0:00:19]} a6 {[%emt 0:00:13]} 8. Na3 {[%emt 0:00:06]} b5 {[%emt 0:00:07]} 9. Nd5 {[%emt 0:00:13]} Be7 {[%emt 0:00:16]} 10. Bxf6 {[%emt 0:00:17]} Bxf6 {[%emt 0:00:09]} 11. c3 {[%emt 0:00:16]} Ne7 {[%emt 0:00:28]} 12. Nxf6+ {[%emt 0:00:29]} gxf6 {[%emt 0:00:09]} 13. Be2 {[%emt 0:00:33]} f5 {[%emt 0:00:20]} 14. exf5 {[%emt 0:01:35] B33: Sicilian: Pelikan and Sveshnikov Variations} Bxf5 {[%emt 0:00:13]} 15. Bf3 {[%emt 0:04:55]} (15. O-O O-O 16. Qd2 Be6 17. c4 bxc4 18. Nxc4 Nf5 19. Bd3 Nd4 20. f4 Bxc4 21. Bxc4 d5 22. Bb3 {½-½ (22) Oll,L (2625)-Krasenkow,M (2615) Vilnius 1997}) 15... d5 {[%emt 0:02:05]} 16. Nc2 {[%emt 0:12:56]} O-O $146 {[%emt 0:06:32]} (16... Be6 17. a4 O-O 18. O-O Qb6 19. Qd2 f6 20. Rfd1 Kg7 21. axb5 axb5 {½-½ (54) Marx,J (1836)-Specht,C (1888) Willingen 2007}) 17. O-O {[%emt 0:05:02]} Qd7 {[%emt 0:04:34]} 18. Re1 {[%emt 0:06:03]} f6 {[%emt 0:01:25]} 19. Qd2 {[%emt 0:06:31]} Rfd8 {[%emt 0:08:23]} 20. h3 {[%emt 0:09:19]} Kh8 {[%emt 0:20:45]} 21. Ne3 {[%emt 0:06:01]} Bxh3 {[%emt 0:05:20]} 22. a4 {[%emt 0:23:26]} Be6 {[%emt 0:07:39]} 23. Qe2 {[%emt 0:03:10]} Ng6 {[%emt 0:03:01]} 24. g3 {[%emt 0:03:50]} e4 {[%emt 0:01:57]} 25. Bg4 {[%emt 0:03:49]} f5 $17 {[%emt 0:07:49]} ({Don't play} 25... bxa4 26. Bxe6 Qxe6 27. Qh5 $15 (27. Rxa4 Ne5 28. Kg2 Nd3 $17)) 26. Bh5 {[%emt 0:01:16]} f4 {[%emt 0:00:06]} 27. Bxg6 {[%emt 0:03:42]} f3 {[%emt 0:18:20]} 28. Qd2 {[%emt 0:02:34]} hxg6 {[%emt 0:00:03]} 29. Qd4+ {[%emt 0:00:50]} Qg7 {[%emt 0:05:51]} 30. Red1 {[%emt 0:01:45]} Qxd4 {[%emt 0:01:59]} 31. Rxd4 {[%emt 0:02:03]} Kg7 {[%emt 0:00:02]} 32. axb5 {[%emt 0:00:30]} axb5 {[%emt 0:00:06]} 33. Rxa8 {[%emt 0:01:19]} Rxa8 {[%emt 0:00:03]} 34. Kf1 {[%emt 0:02:02]} Ra2 {[%emt 0:02:55]} 35. Nd1 {[%emt 0:00:30]} Kf6 {[%emt 0:00:48]} 36. Ke1 {[%emt 0:00:38]} Ke5 {[%emt 0:00:04]} 37. Rb4 {[%emt 0:01:20]} Bd7 {[%emt 0:01:28]} 38. Rd4 {[%emt 0:00:33]} Bc6 {[%emt 0:01:47]} 39. Kd2 {[%emt 0:00:33]} Ra8 {[%emt 0:00:14]} 40. Ke3 {[%emt 0:00:00]} Rh8 {[%emt 0:00:35]} 41. Kd2 {[%emt 0:03:44]} Rh1 {[%emt 0:01:58]} 42. Ne3 {[%emt 0:01:36]} Kd6 {[%emt 0:05:44]} 43. Rb4 {[%emt 0:02:20]} Kc5 {[%emt 0:00:05]} 44. Rd4 {[%emt 0:00:38]} Rh2 {[%emt 0:01:38]} 45. Ke1 {[%emt 0:01:18]} Bb7 {[%emt 0:04:12]} 46. Nd1 {[%emt 0:07:05]} Rh1+ {[%emt 0:03:11]} 47. Kd2 {[%emt 0:00:04]} Rf1 {[%emt 0:00:17]} 48. Rb4 {[%emt 0:02:12]} e3+ {[%emt 0:07:23]} 49. fxe3 {[%emt 0:03:25]} g5 {[%emt 0:00:13]} 50. Rd4 {[%emt 0:01:31]} Bc8 {[%emt 0:03:24]} 51. b4+ {[%emt 0:08:45]} Kc6 {[%emt 0:00:14]} 52. g4 {[%emt 0:01:11]} f2 {[%emt 0:02:19]} 0-1

[Event "EIWCC 2017"]
[Site "Riga"]
[Date "2017.04.15"]
[Round "5"]
[White "Ozturk, Kubra"]
[Black "Sazonova, Anastasia"]
[Result "0-1"]
[WhiteElo "2261"]
[BlackElo "2143"]
[Annotator "NA"]
[PlyCount "96"]
[EventDate "2017.??.??"]
[EventType "swiss"]
[EventCountry "LAT"]
[SourceTitle "playchess.com"]
[Source "ChessBase"]
[SourceQuality "1"]
[TimeControl "40/5400+30:1800+30"]

1. d4 {[%emt 0:00:00]} d5 {[%emt 0:00:10]} 2. c4 {[%emt 0:00:00]} c6 {[%emt 0:00:09]} 3. Nf3 {[%emt 0:00:01]} Nf6 {[%emt 0:00:09]} 4. e3 {[%emt 0:00:14]} Bf5 {[%emt 0:00:11]} 5. Nc3 {[%emt 0:00:14]} e6 {[%emt 0:00:15]} 6. Nh4 {[%emt 0:00:14]} Be4 {[%emt 0:00:09]} 7. f3 {[%emt 0:00:13]} Bg6 {[%emt 0:00:07]} 8. Qb3 {[%emt 0:00:10]} Qc7 {[%emt 0:00:13]} 9. Bd2 {[%emt 0:00:10]} Be7 {[%emt 0:00:19]} 10. Nxg6 {[%emt 0:00:31]} hxg6 {[%emt 0:00:09]} 11. cxd5 {[%emt 0:00:15]} cxd5 {[%emt 0:00:37]} 12. O-O-O {[%emt 0:00:15]} Nc6 {[%emt 0:00:42]} 13. Kb1 {[%emt 0:00:14]} O-O {[%emt 0:00:56]} 14. Rc1 {[%emt 0:00:28]} Rfc8 {[%emt 0:06:10]} 15. Qd1 {[%emt 0:00:56]} a6 {[%emt 0:11:10]} 16. g4 {[%emt 0:04:25]} Qd8 {[%emt 0:10:34]} 17. h4 {[%emt 0:11:22]} Na5 {[%emt 0:09:32]} 18. f4 {[%emt 0:15:54]} b5 {[%emt 0:07:27]} 19. g5 {[%emt 0:08:17]} Nh5 {[%emt 0:02:54]} 20. Rh2 {[%emt 0:23:46]} Nc4 {[%emt 0:03:29]} 21. f5 {[%emt 0:07:11]} exf5 {[%emt 0:09:04]} 22. Qf3 {[%emt 0:01:49]} Bd6 {[%emt 0:07:38]} 23. Rg2 {[%emt 0:03:22]} Bb4 {[%emt 0:01:04]} 24. Be1 {[%emt 0:07:07]} Bxc3 {[%emt 0:05:51]} 25. Rxc3 {[%emt 0:02:34]} Qd6 {[%emt 0:01:56]} 26. Bd3 {[%emt 0:01:26]} Qe6 {[%emt 0:00:54]} 27. Re2 {[%emt 0:02:19]} Nd6 {[%emt 0:06:03]} 28. Rec2 {[%emt 0:00:56]} Rxc3 {[%emt 0:01:47]} 29. Rxc3 {[%emt 0:00:24]} Re8 {[%emt 0:01:09]} 30. Bf2 {[%emt 0:02:48]} Nc4 {[%emt 0:03:32]} 31. Bxc4 {[%emt 0:00:31]} bxc4 {[%emt 0:00:13]} 32. Kc1 {[%emt 0:00:57]} Rb8 {[%emt 0:00:42]} 33. Rc2 {[%emt 0:03:03]} Re8 {[%emt 0:01:04]} 34. Rc3 {[%emt 0:00:04]} f4 {[%emt 0:01:31]} 35. exf4 {[%emt 0:00:13]} Qf5 {[%emt 0:00:16]} 36. Re3 {[%emt 0:01:28]} Re4 {[%emt 0:00:43]} 37. Rxe4 {[%emt 0:00:32]} dxe4 {[%emt 0:00:15]} 38. Qe3 {[%emt 0:00:50]} Nxf4 {[%emt 0:00:29]} 39. Bg3 {[%emt 0:00:12]} Nd3+ {[%emt 0:00:31]} 40. Kc2 {[%emt 0:00:00]} Qb5 {[%emt 0:03:57]} 41. b3 {[%emt 0:02:11]} cxb3+ {[%emt 0:02:02]} 42. axb3 {[%emt 0:00:02]} Qc6+ {[%emt 0:00:22]} 43. Kd1 {[%emt 0:00:55]} Qc3 {[%emt 0:01:43]} 44. Ke2 {[%emt 0:02:54]} Nc1+ {[%emt 0:00:55]} 45. Kf2 {[%emt 0:00:03]} Qc2+ {[%emt 0:00:21]} 46. Kf1 {[%emt 0:00:23]} Nxb3 {[%emt 0:00:24]} 47. Bf4 {[%emt 0:00:16]} Qd1+ {[%emt 0:02:25]} 48. Kg2 {[%emt 0:00:05]} Qd3 {[%emt 0:02:12]} 0-1

[Event "EIWCC 2017"]
[Site "Riga"]
[Date "2017.04.15"]
[Round "5"]
[White "Calzetta Ruiz, Monica"]
[Black "Mkrtchian, Lilit"]
[Result "1/2-1/2"]
[WhiteElo "2257"]
[BlackElo "2425"]
[Annotator "TA"]
[PlyCount "73"]
[EventDate "2017.??.??"]
[EventType "swiss"]
[EventCountry "LAT"]
[SourceTitle "playchess.com"]
[Source "ChessBase"]
[SourceQuality "1"]

{[%evp 23,73,9,12,12,17,12,7,6,17,18,30,22,9,13,21,31,21,7,33,32,27,0,0,0,26,20,40,0,5,0,0,0,0,0,0,0,0,0,0,0,0,0,0,0,0,0,0,0,0,0,0,0]} 1. e4 c5 2. Nf3 e6 3. d4 cxd4 4. Nxd4 a6 5. Nc3 Qc7 6. g3 Nf6 7. Bg2 d6 8. O-O Be7 9. f4 Nc6 {B80: Sicilian Scheveningen: 6 g3 and 6 Be3, including English Attack} 10. Nxc6 bxc6 11. e5 dxe5 12. fxe5 Nd7 {LiveBook: 4 Games} 13. Bf4 O-O 14. Ne4 Nxe5 15. Qd4 f6 16. Bxe5 fxe5 17. Rxf8+ Bxf8 18. Qc4 $146 Qb6+ 19. Kh1 Qxb2 20. Rf1 Qb5 21. Qc3 {[%mdl 1024] White has compensation.} Ra7 ({Wrong is} 21... Qe2 $2 22. Qxc6 Qb5 23. Qxa8 $18) 22. Qf3 {[%csl Gf1][%cal Rf3f8] [#]} Qb4 23. h4 Rc7 24. Ng5 {And now Qd3 would win.} g6 25. Bh3 Bg7 {The position is equal.} 26. Bxe6+ Bxe6 27. Nxe6 Rd7 28. Nxg7 Rxg7 29. Qxc6 $11 {[%mdl 4096] [#] Endgame Intending Qe8+ and mate. KQR-KQR} Qb7 30. Rf6 a5 31. a4 (31. c4 $5 {seems wilder.} Rc7 32. Qxb7 Rxb7 33. Ra6 Rc7 34. Rxa5 Rxc4 35. Rxe5 Rc3 36. Kg2) 31... Rc7 32. Qxb7 Rxb7 33. Ra6 Rb1+ 34. Kg2 Rb2 35. Rxa5 Rxc2+ 36. Kf3 Rc4 37. Rxe5 1/2-1/2

[Event "EIWCC 2017"]
[Site "Riga"]
[Date "2017.04.15"]
[Round "5"]
[White "Sedina, Elena"]
[Black "Ziaziulkina, Nastassia"]
[Result "1/2-1/2"]
[WhiteElo "2253"]
[BlackElo "2387"]
[Annotator "NA"]
[PlyCount "31"]
[EventDate "2017.??.??"]
[EventType "swiss"]
[EventCountry "LAT"]
[SourceTitle "playchess.com"]
[Source "ChessBase"]
[SourceQuality "1"]
[TimeControl "40/5400+30:1800+30"]

1. e4 {[%emt 0:00:45]} c5 {[%emt 0:00:23]} 2. Nf3 {[%emt 0:00:20]} d6 {[%emt 0:00:06]} 3. Bb5+ {[%emt 0:00:43]} Nd7 {[%emt 0:00:11]} 4. d4 {[%emt 0:00:45]} cxd4 {[%emt 0:00:34]} 5. Qxd4 {[%emt 0:00:10]} a6 {[%emt 0:00:51]} 6. Bxd7+ {[%emt 0:00:32]} Bxd7 {[%emt 0:00:05]} 7. c4 {[%emt 0:03:34]} Nf6 {[%emt 0:03:45]} 8. Bg5 {[%emt 0:05:10]} e6 {[%emt 0:01:08]} 9. Nc3 {[%emt 0:01:56]} Bc6 {[%emt 0:03:16]} 10. O-O {[%emt 0:09:18]} Be7 {[%emt 0:01:05]} 11. Rfe1 {[%emt 0:19:37]} O-O {[%emt 0:21:26]} 12. a4 {[%emt 0:06:36]} Rc8 {[%emt 0:03:22]} 13. h3 {[%emt 0:04:19]} Qa5 {[%emt 0:11:16]} 14. Qd2 {[%emt 0:24:43]} Kh8 {[%emt 0:13:47]} 15. b3 {[%emt 0:01:55]} h6 {[%emt 0:11:04]} 16. Bf4 {[%emt 0:02:20]} 1/2-1/2